[Event "AUTO-MASTER-382"]
[Site "http://www.queenalice.com/game.php?id=333878"]
[Date "2008.1.9"]
[Round "2"]
[White "KOSTENIUK"]
[Black "Lorfman"]
[Result "0-1"]
[WhiteElo "1592"]
[BlackElo "2303"]

1. c4 e5 2. Nc3 Nf6 3. e3 Nc6 4. g3 d5 5. cxd5 Nxd5 6. Bb5 Nb4 7. a3 Nd3+ 8.
Bxd3 Qxd3 9. Qe2 Bf5 10. Qxd3 Bxd3 11. Nge2 Na5 12. O-O Nb3 13. Ra2 Bc4 14. Kg2
O-O-O 15. d4 exd4 16. exd4 Nxd4 17. Nxd4 Bxf1+ 18. Kxf1 Rxd4 19. Be3 Rd7 20. b4
Be7 21. Ke2 b6 22. Nb5 Kb7 23. Nd4 Rd5 24. Rc2 c5 25. bxc5 Bxc5 26. a4 Bxd4 27.
Bxd4 Rxd4 0-1

[Event "AUTO-MASTER-382"]
[Site "http://www.queenalice.com/game.php?id=333879"]
[Date "2008.1.9"]
[Round "2"]
[White "Lorfman"]
[Black "KOSTENIUK"]
[Result "1-0"]
[WhiteElo "2323"]
[BlackElo "1590"]

1. e4 c5 2. Nf3 Nc6 3. d4 cxd4 4. Nxd4 e5 5. Nb5 d6 6. N1c3 a6 7. Na3 b5 8. Nd5
Nf6 9. Bg5 Be7 10. Bxf6 Bxf6 11. c3 O-O 12. Nc2 Be6 13. a4 Bxd5 14. exd5 Ne7 15.
axb5 axb5 16. Rxa8 Qxa8 17. Nb4 Qa4 18. Be2 Qxd1+ 19. Kxd1 Ra8 20. Kc2 g6 21.
Bxb5 Kg7 22. Ba6 Nxd5 23. Nxd5 Rxa6 24. Nc7 Ra4 25. Ne8+ Kh6 26. Nxf6 Rf4 27.
Ne8 Rxf2+ 28. Kb1 d5 29. b4 d4 30. cxd4 exd4 31. g3 Re2 32. Nd6 d3 33. Rd1 d2
34. b5 Re1 35. Kc2 Re6 36. Rxd2 1-0

[Event "Challenge"]
[Site "http://www.queenalice.com/game.php?id=336642"]
[Date "2008.1.15"]
[Round "-"]
[White "RILLARY"]
[Black "KOSTENIUK"]
[Result "1-0"]
[WhiteElo "1830"]
[BlackElo "1604"]

1. Nf3 c5 2. e4 Nc6 3. d4 d6 4. Bd3 Nf6 5. d5 Nb4 6. O-O Nxd3 7. Qxd3 Bg4 8.
Nbd2 Bxf3 9. Nxf3 g6 10. Bg5 Bg7 11. Bxf6 Bxf6 12. Qb5+ Qd7 13. Qxd7+ Kxd7 14.
c4 Bxb2 15. Rab1 Bg7 16. Rxb7+ Ke8 17. Rfb1 f6 18. Rc7 Kf7 19. Rbb7 Rhe8 20.
Rxa7 Rxa7 21. Rxa7 f5 22. exf5 gxf5 23. Ng5+ Kg6 24. Ne6 Bh6 25. a4 Bd2 26. a5
Bg5 27. a6 Rb8 28. Rb7 Ra8 29. a7 1-0

[Event "Challenge"]
[Site "http://www.queenalice.com/game.php?id=336643"]
[Date "2008.1.15"]
[Round "-"]
[White "KOSTENIUK"]
[Black "RILLARY"]
[Result "0-1"]
[WhiteElo "1604"]
[BlackElo "1771"]

1. e4 Nc6 2. d4 e6 3. Nf3 d5 4. e5 Nge7 5. Bb5 Bd7 6. O-O Nf5 7. Nc3 Bb4 8. Bd2
Ncxd4 9. Bxd7+ Qxd7 10. Nxd4 Nxd4 11. Nb5 Qxb5 12. c3 Ne2+ 13. Kh1 Bc5 14. Re1
Nxc3 15. bxc3 Bxf2 16. Rb1 Qa6 17. Rf1 Bc5 18. Qf3 O-O-O 19. Qxf7 Rhf8 20. Qxf8
Bxf8 21. Rxf8 Rxf8 0-1

[Event "Challenge"]
[Site "http://www.queenalice.com/game.php?id=341561"]
[Date "2008.1.23"]
[Round "-"]
[White "KOSTENIUK"]
[Black "Tlaloc2k"]
[Result "1-0"]
[WhiteElo "1641"]
[BlackElo "1504"]

1. e4 e5 2. Bc4 Nc6 3. Nc3 Nf6 4. Nf3 Bc5 5. O-O a6 6. Ng5 O-O 7. Ne2 d6 8. c3
b5 9. Bb3 Be6 10. Bxe6 Qe7 11. Bb3 h6 12. Nf3 Nxe4 13. d4 exd4 14. cxd4 Bxd4 15.
Nfxd4 Nxd4 16. Nxd4 Qf6 17. Be3 c5 18. Ne2 Qxb2 19. Nf4 c4 20. Bc2 Qe5 21. Bxe4
Qxe4 22. Qxd6 c3 23. Rac1 Rad8 24. Qxa6 Ra8 25. Qxb5 Rxa2 26. Rxc3 Re8 27. Rc4
Rea8 28. Rxe4 Ra1 29. Re8+ 1-0

[Event "AUTO-OPEN-1008"]
[Site "http://www.queenalice.com/game.php?id=351265"]
[Date "2008.2.9"]
[Round "1"]
[White "QuickQuickSlow"]
[Black "KOSTENIUK"]
[Result "1-0"]
[WhiteElo "1961"]
[BlackElo "1680"]

1. d4 d5 2. c4 c6 3. Nf3 g6 4. Nc3 Bg7 5. cxd5 cxd5 6. g3 Nf6 7. Bg2 O-O 8. O-O
Nc6 9. Ne5 e6 10. Bg5 a6 11. Rc1 Qc7 12. Nxc6 bxc6 13. Bf4 Qb6 14. Qd2 Nd7 15.
e3 Re8 16. Bd6 Bf8 17. Bxf8 Rxf8 18. Na4 Qb7 19. Nc5 Nxc5 20. Rxc5 Bd7 21. Rfc1
Rab8 22. b3 Kg7 23. Ra5 f5 24. Bf1 Ra8 25. Qd3 Bc8 26. Qc3 Bd7 27. Qc5 Rf7 28.
Qd6 1-0

[Event "AUTO-OPEN-1008"]
[Site "http://www.queenalice.com/game.php?id=351266"]
[Date "2008.2.9"]
[Round "1"]
[White "KOSTENIUK"]
[Black "QuickQuickSlow"]
[Result "1-0"]
[WhiteElo "1702"]
[BlackElo "2085"]

1. Nf3 Nf6 2. b3 g6 3. Bb2 Bg7 4. d3 O-O 5. e4 d6 6. c4 c5 7. Be2 Nc6 8. O-O Bg4
9. Nbd2 Nd7 10. Bxg7 Kxg7 11. Qc2 e5 12. h3 Be6 13. a3 a5 14. Qb2 Kg8 15. Nb1 f5
16. exf5 Bxf5 17. Nbd2 Nd4 18. Nxd4 1-0

[Event "AUTO-OPEN-1008"]
[Site "http://www.queenalice.com/game.php?id=351293"]
[Date "2008.2.9"]
[Round "1"]
[White "ERYCA"]
[Black "KOSTENIUK"]
[Result "1-0"]
[WhiteElo "1771"]
[BlackElo "1755"]

1. e4 c5 2. Bc4 g6 3. Nf3 Bg7 4. O-O e6 5. Nc3 Ne7 6. d3 O-O 7. Bg5 Nbc6 8. Bxe7
Qxe7 9. Rb1 a6 10. a3 b5 11. Ba2 Bb7 12. Ne2 a5 13. d4 cxd4 14. Nfxd4 Nxd4 15.
Nxd4 Bxe4 16. f3 Bb7 17. Nxb5 Ba6 18. a4 Rab8 19. c4 Bxb5 20. cxb5 Rb6 21. Re1
d5 22. Qxd5 exd5 23. Rxe7 Bf6 24. Rd7 d4 25. Rc1 Re8 26. Bxf7+ Kf8 27. Bxe8 1-0

[Event "AUTO-OPEN-1008"]
[Site "http://www.queenalice.com/game.php?id=351294"]
[Date "2008.2.9"]
[Round "1"]
[White "KOSTENIUK"]
[Black "ERYCA"]
[Result "0-1"]
[WhiteElo "1742"]
[BlackElo "1754"]

1. d4 d5 2. Nc3 Nf6 3. Bg5 Bf5 4. e3 e6 5. Bd3 Bxd3 6. Qxd3 Bb4 7. Bxf6 Qxf6 8.
O-O-O O-O 9. f4 Nc6 10. Nf3 Bxc3 11. Qxc3 Rac8 12. h3 Ne7 13. g4 b6 14. g5 Qg6
15. f5 Nxf5 16. h4 f6 17. gxf6 Rxf6 18. Ne5 Qg3 19. Nd7 Rh6 20. Rdg1 Qxe3+ 21.
Qxe3 Nxe3 22. Rg3 Nf5 23. Rg5 Nxd4 24. Rhg1 Ne2+ 25. Kd2 Nxg1 26. Rxg1 Rxh4 27.
Nf6+ Kf7 28. Nd7 Rd8 29. Ne5+ Kg8 0-1

[Event "AUTO-OPEN-1008"]
[Site "http://www.queenalice.com/game.php?id=351311"]
[Date "2008.2.9"]
[Round "1"]
[White "pjanderson"]
[Black "KOSTENIUK"]
[Result "0-1"]
[WhiteElo "1341"]
[BlackElo "1740"]

1. e4 e5 2. Bc4 Bc5 3. Nf3 d6 4. d4 exd4 5. Ng5 Nh6 6. Qh5 O-O 7. h3 Nd7 8. Bf4
Nf6 9. Qf3 d5 10. exd5 Re8+ 11. Be2 Nxd5 12. Bd2 Qe7 13. O-O Nf6 14. Bd3 Qd6 15.
Ne4 Nxe4 16. Bxh6 Qxh6 17. Bxe4 Bxh3 18. Bxb7 Rab8 19. Qxh3 Qxh3 20. gxh3 Rxb7
21. a3 Rxb2 22. c4 dxc3 23. Nxc3 Rc2 24. Rac1 Bxf2+ 25. Kh1 Rxc1 26. Rxc1 g6 27.
Nb5 c5 28. Nxa7 Ra8 29. Nb5 Ra5 30. Rb1 Kg7 31. Kg2 Bh4 32. Kf3 Be7 33. Ke4 c4
34. Ke3 Bxa3 35. Nc3 Be7 36. Ne2 Bf6 37. Rg1 Ra3+ 38. Ke4 Rxh3 39. Nf4 Rh4 40.
Ke3 g5 41. Nd5 Bd4+ 0-1

[Event "AUTO-OPEN-1008"]
[Site "http://www.queenalice.com/game.php?id=351312"]
[Date "2008.2.9"]
[Round "1"]
[White "KOSTENIUK"]
[Black "pjanderson"]
[Result "0-1"]
[WhiteElo "1726"]
[BlackElo "1463"]

1. e4 b6 2. d4 Bb7 3. Nc3 Nc6 4. d5 Ne5 5. Nf3 Nxf3+ 6. Qxf3 c6 7. dxc6 dxc6 8.
Bc4 f6 9. O-O b5 10. Bxg8 Rxg8 11. Bf4 e5 12. Be3 a5 13. Rad1 Qe7 14. Rd2 g5 15.
Rfd1 Qe6 16. Bb6 Be7 17. Qh5+ Qf7 18. Qxf7+ Kxf7 19. Rd7 Bc8 20. Rc7 Be6 21.
Rxc6 b4 22. Nb5 Bd8 23. Bxd8 Rgxd8 24. Rcd6 Rxd6 25. Rxd6 Bxa2 26. Rd1 Kg6 27.
g3 Rc8 28. c3 Bc4 29. Nd6 Rd8 30. f3 Be2 31. Rd5 bxc3 32. bxc3 a4 33. c4 a3 34.
Rd2 Bxf3 35. c5 Ra8 36. Ra2 Bg4 37. c6 Be6 38. Ra1 a2 39. c7 h5 40. Kf2 Kg7 41.
Nf5+ Kf7 42. Nd6+ Ke7 43. Nf5+ Kd7 44. Ng7 Bb3 45. Nxh5 Kxc7 46. Nxf6 Rf8 0-1

[Event "Challenge"]
[Site "http://www.queenalice.com/game.php?id=366762"]
[Date "2008.3.6"]
[Round "-"]
[White "GUAIRENSE"]
[Black "KOSTENIUK"]
[Result "1-0"]
[WhiteElo "1706"]
[BlackElo "1650"]

1. c4 c5 2. Nc3 g6 3. Nf3 Bg7 4. g3 Nc6 5. Bg2 d6 6. O-O e5 7. d3 Nge7 8. a3 O-O
9. Bd2 a5 10. Re1 Rb8 11. Nb5 Nf5 12. b4 axb4 13. axb4 cxb4 14. e4 Nfd4 15.
Nfxd4 exd4 16. Qb3 Re8 17. Bxb4 Nxb4 18. Qxb4 Bf8 19. Qa3 d5 20. Qa7 Bd7 21.
exd5 Bxb5 22. cxb5 Bd6 23. Qxd4 Rxe1+ 24. Rxe1 b6 25. Bf3 Ra8 26. Kg2 Ra2 27.
Rc1 Bc5 28. Rxc5 bxc5 29. Qxc5 Ra8 30. d6 Rc8 31. Bc6 h5 32. b6 Rb8 33. b7 h4
34. Bd5 Qd7 35. Qc7 h3+ 36. Kg1 Qe8 37. Bxf7+ 1-0

[Event "Challenge"]
[Site "http://www.queenalice.com/game.php?id=366763"]
[Date "2008.3.6"]
[Round "-"]
[White "GUAIRENSE"]
[Black "KOSTENIUK"]
[Result "1-0"]
[WhiteElo "1821"]
[BlackElo "1650"]

1. c4 c5 2. Nc3 Nf6 3. g3 d5 4. cxd5 Nxd5 5. Bg2 Nc7 6. Nf3 Nc6 7. Qa4 g6 8. Ne5
Bd7 9. Nxc6 Bxc6 10. Bxc6+ bxc6 11. Qxc6+ Qd7 12. Qxc5 1-0

[Event "MARAISA"]
[Site "http://www.queenalice.com/game.php?id=367267"]
[Date "2008.3.7"]
[Round "2"]
[White "Arthur0007"]
[Black "KOSTENIUK"]
[Result "1-0"]
[WhiteElo "1719"]
[BlackElo "1710"]

1. e4 c5 2. c3 Nc6 3. Nf3 g6 4. d3 Bg7 5. Be3 d6 6. Be2 e5 7. Na3 Nge7 8. Nc2
O-O 9. Qd2 b5 10. Bh6 Bg4 11. h3 Bxf3 12. Bxf3 f5 13. Bxg7 Kxg7 14. Ne3 c4 15.
dxc4 fxe4 16. Bxe4 bxc4 17. Ng4 d5 18. Rd1 Kg8 19. Bxd5+ Nxd5 20. Qxd5+ Qxd5 21.
Rxd5 Rab8 22. Rd2 e4 23. O-O 1-0

[Event "AUTO-OPEN-767"]
[Site "http://www.queenalice.com/game.php?id=369208"]
[Date "2008.3.11"]
[Round "3"]
[White "anandya"]
[Black "KOSTENIUK"]
[Result "0-1"]
[WhiteElo "1877"]
[BlackElo "1699"]

1. e4 c5 2. Bc4 e6 3. d3 g6 4. Nf3 Bg7 5. c3 Ne7 6. Be3 d6 7. Bb5+ Nbc6 8. Bg5
O-O 9. Qd2 Qd7 10. Qf4 a6 11. Bxc6 Nxc6 12. Qh4 f6 13. Bh6 Ne5 14. Nxe5 dxe5 15.
Bxg7 Kxg7 16. Nd2 Qxd3 17. Qg4 f5 18. Rg1 fxg4 19. g3 Bd7 20. Rd1 Bc6 0-1

[Event "AUTO-OPEN-767"]
[Site "http://www.queenalice.com/game.php?id=369209"]
[Date "2008.3.11"]
[Round "3"]
[White "KOSTENIUK"]
[Black "anandya"]
[Result "0-1"]
[WhiteElo "1694"]
[BlackElo "1823"]

1. d4 d5 2. c4 c6 3. cxd5 cxd5 4. Nc3 e6 5. Nf3 Bb4 6. e3 Bd7 7. Bd3 Nf6 8. O-O
h6 9. a3 Bd6 10. e4 dxe4 11. Nxe4 Nxe4 12. Bxe4 Bc8 13. Qa4+ Qd7 14. Qxd7+ Nxd7
15. b4 Nf6 16. Bd3 Bd7 17. Ne5 O-O 18. Nxd7 Nxd7 19. Bb2 a6 20. Rac1 Rac8 21. f3
Bc7 22. Be4 Bb6 0-1

[Event "Challenge"]
[Site "http://www.queenalice.com/game.php?id=450298"]
[Date "2008.8.18"]
[Round "-"]
[White "MONALISA"]
[Black "KOSTENIUK"]
[Result "1-0"]
[WhiteElo "1500"]
[BlackElo "1673"]

1. c4 d6 2. Nf3 e5 3. d4 e4 4. Ng5 Nf6 5. Nc3 Bf5 6. Qc2 Qe7 7. Bf4 h6 8. Nf3
exf3 9. Qxf5 fxe2 10. Bxe2 g6 11. Qc2 1-0